Mapeando las fundaciones en Chile: características y desafíos para el S. XXI
সংরক্ষণ করুন:
| প্রধান লেখক: | |
|---|---|
| বিন্যাস: | গ্রন্থ |
| ভাষা: | স্প্যানিশ |
| প্রকাশিত: |
Santiago
ProHumana
2001
|
| বিষয়গুলি: | |
| ট্যাগগুলো: |
ট্যাগ যুক্ত করুন
কোনো ট্যাগ নেই, প্রথমজন হিসাবে ট্যাগ করুন!
|
MARC
| LEADER | 00000nam a2200000 a 4500 | ||
|---|---|---|---|
| 001 | UCM0692 | ||
| 003 | CL-VaPUC | ||
| 008 | 020308e20010000cl |||||||||||||||||spa|d | ||
| 082 | 0 | 4 | |a 361.7632 |b TEI |2 21 |
| 100 | 0 | |a Teixidó, Soledad |e author |9 467611 | |
| 245 | 1 | 0 | |a Mapeando las fundaciones en Chile: características y desafíos para el S. XXI |
| 300 | |a 371 p | ||
| 942 | |c BK | ||
| 945 | |d 20020308 00:00:00 |a vberengu | ||
| 260 | |a Santiago |b ProHumana |c 2001 | ||
| 650 | 0 | |a Organizaciones voluntarias |9 467612 | |
| 651 | 7 | |a CHILE |2 CL-VaPUC |9 467613 | |
| 583 | |a last modification |c 20171205 05:45:02 |k Rodrigo Vera | ||
| 999 | |c 299530 |d 299528 | ||
| 952 | |0 0 |1 0 |4 0 |6 361_763200000000000_TEI_2001 |7 0 |8 F |9 356157 |a BIBGIM |b BIBGIM |d 2019-11-21 |i 3787192 |o 361.7632 TEI 2001 |p 3787192 |r 2025-01-15 |w 2019-11-21 |y BK_F |k GIM | ||